000 00973nam a2200241 a 4500
001 BRCA_14
005 20190320202838.0
008 960117s1995 mx-a---##b---#000-0#spa-#
040 _aDLC
_cDLC
_dDLC
050 4 _aNE1114
_b.I47 1995
245 1 0 _aImprentas, ediciones y grabados de México barroco
_cMuseo Amparo, Puebla, Pue.
260 _aMéxico
_bBackal
_c1995
300 _a258 p.
_bil. (algunas a color), mapas (1 doblado)
_c27 cm.
500 _aIncluye nómina de impresores y nómina de grabadores de los siglos XVII, XVIII y XIX
500 _aIncluye índice de ilustraciones
650 1 4 _aLibros
_vExposiciones
_xHistoria
_ySiglo XVII
_zMéxico
_969
650 1 4 _aLibros
_vExposiciones
_xHistoria
_ySiglo XVIII
_zMéxico
_970
650 1 4 _aGrabado mexicano
_vExposiciones
_ySiglo XVII
_971
650 1 4 _aGrabado mexicano
_vExposiciones
_ySiglo XVIII
_972
651 4 _aMéxico
_vExposiciones
_xImpresiones
_973
710 2 _aMuseo Amparo (Puebla, México)
_974
942 _2lcc
_cB
999 _c14
_d14